| 000 | 00819cam a22002417a 4500 | ||
|---|---|---|---|
| 001 | 14932860 | ||
| 005 | 20241202130757.0 | ||
| 008 | 070718s2007 cou 000 0 eng | ||
| 010 | _a 2007933211 | ||
| 020 | _a9788184950588 | ||
| 040 |
_aDLC _cDLC _dDLC |
||
| 050 | 0 | 0 |
_aBV4597.52 _b.M39 2009 |
| 082 | 0 | 4 |
_a158.2 _221 |
| 100 | 1 |
_aMaxwell, John C., _d1947- |
|
| 245 | 1 | 0 |
_aBe a people's person : _bEffective leadership through effective relationships / _cJohn C. Maxwell. |
| 250 | _a2nd ed. | ||
| 260 |
_aColorado Springs, CO : _bDavid C. Cook, _c2007. |
||
| 300 |
_a192 p. ; _c22 cm. |
||
| 650 | 0 |
_aInterpersonal relations _xReligious aspects _xChristianity. |
|
| 906 |
_a7 _bcbc _corigcop _d2 _eepcn _f20 _gy-gencatlg |
||
| 942 |
_2lcc _cBK _n0 |
||
| 999 |
_c9365 _d9365 |
||